LEADER 01080nam a2200217 u 4500 001 000000070456 003 CaOOAMICUS 005 20070226122025.0 008 020508s1836 it u000 u ita u 035 $a10929051 040 $aPUL(R)$bita 245 10$aIndice alfabetico degli articoli contenuti nei quattro tomi ed appendice del Dizionario de' medicamenti ad uso dei medici e dei farmacisti. 260 $aModena :$bper G. Vincenzi e compagno,$c1836. 300 $a262 p. ;$c22 cm 650 4$aMedicina$xDizionari.$0(OLS)http://pul/subject/21841 650 4$aFarmacologia e farmacoterapia.$0(OLS)http://pul/subject/21839 850 $aPUL 852 $aPUL$W1$xDP1 Antico 800$y27$m411 F 16$j91164$nBK-PRI$b $qStampati Antico$B91166$CPULBib$Z2$F91166 $H $81 941 1 $a15 996 $6245$aIndice alfabetico degli articoli contenuti nei quattro tomi ed appendice del Dizionario de' medicamenti ad uso dei medici e dei farmacisti$9(OLS)http://pul/title/92883 996 $6260$aModena :$bper G. Vincenzi e compagno$9(OLS)http://pul/publisher/73084 LEADER 01305nam a2200313 a 4500 001 000000172896 003 CaOOAMICUS 005 20191209154821.0 008 191209s2015 it u000 u ita r 020 $a978-88-350-3621-0* 032 $aLibriCat 040 $aPUL$bita 082 0 $a302.23 100 1 $aEugeni, Ruggero.$0(OLS)http://pul/name/66853 245 03$aLa condizione postmediale : $bmedia, linguaggi e narrazioni / $cRuggero Eugeni. 260 $aBrescia :$bEditrice La Scuola,$cİ2015. 300 $a93 p. ;$c20 cm 490 1 $aOrso blu ;$v64 504 $aComprende riferimenti bibliografici. 650 4$aComunicazioni di massa$xAspetti sociali.$0(OLS)http://pul/subject/29368 830 0$aOrso blu ;$v64.$0(OLS)http://pul/title/159917 850 $aPUL 852 $aPUL$W1$xSL Diritto e Scienze Sociali 3$y79$m302. 23 EUGRU 1$j196880$qDDC 21$B201640$CPULBib$Z2$F201640 $H133790 $82 941 1 $a9 996 $6020$a978-88-350-3621-0*$9(OLS)http://pul/number/166912 996 $6082$a302.23$9(OLS)http://pul/classification/1682 996 $6245$aLa condizione postmediale : $bmedia, linguaggi e narrazioni / $9(OLS)http://pul/title/213928 996 $6260$aBrescia :$bEditrice La Scuola$9(OLS)http://pul/publisher/52872